LEADER 00820nam0-22003011i-450 001 990001170380403321 005 20190429140236.0 035 $a000117038 035 $aFED01000117038 035 $a(Aleph)000117038FED01 035 $a000117038 100 $a20000920d1989----km-y0itay50------ba 101 0 $aeng 200 1 $aClassical fourier transforms$fby K. Chandrasekharan 210 $aBerlin [etc.]$cSpringer-Verlag$d1989 215 $a172 p.$d24 cm 225 1 $aUniversitext 700 1$aChandrasekharan,$bKomaravolu$041838 801 0$aIT$bUNINA$gRICA$2UNIMARC 901 $aBK 912 $a990001170380403321 952 $aC-6-(33$b5301$fMA1 952 $a02 36 D 19$b5511$fFINBN 959 $aFINBN 959 $aMA1 996 $aClassical Fourier transforms$983016 997 $aUNINA DB $aING01